000 00287nam a2200121Ia 4500
008 190216s9999||||xx |||||||||||||| ||und||
100 _aLatha Migalani
245 0 _aHindi-Vinjan Ghojom Aur Rehasya
260 _bNavasug Sahithya
_c2009
300 _a213
650 _aHindi
942 _cBK
999 _c16670
_d16670